Normal view
MARC view
- الشواف، منير محمد طاهر
Entry Personal Name
001 - CONTROL NUMBER
- control field: 38815
003 - CONTROL NUMBER IDENTIFIER
- control field: JO-AjAnu
005 - DATE AND TIME OF LATEST TRANSACTION
- control field: 20230606080448.0
008 - FIXED-LENGTH DATA ELEMENTS
- fixed length control field: 230606|| aca||aabn | a|a d
040 ## - CATALOGING SOURCE
- Original cataloging agency: JO-AjAnu
- Transcribing agency: JO-AjAnu
100 ## - HEADING--PERSONAL NAME
- Personal name: الشواف، منير محمد طاهر
670 ## - SOURCE DATA FOUND
- Source citation: Work cat.: (JO-AjAnu)19907: الشواف، منير محمد طاهر, author, تهافت الدراسات المعاصرة في الدولة والمجتمع